[Event "Asia-ch U16"]
[Site "Ulaanbaatar"]
[Date "2016.04.07"]
[Round "2"]
[White "Jang, Hyeonho"]
[Black "Temuujin, Sergelenbaatar"]
[Result "0-1"]
[WhiteElo "1581"]
[BlackElo "1829"]
[PlyCount "106"]
[EventDate "2016.04.06"]
[EventType "swiss"]
[EventRounds "9"]
[EventCountry "MGL"]
[SourceTitle "EXT 2017"]
[Source "ChessBase"]
[SourceDate "2016.10.25"]
[SourceVersion "1"]
[SourceVersionDate "2016.10.25"]
[SourceQuality "1"]

1. e4 c6 2. d4 d5 3. Nc3 dxe4 4. Nxe4 Bf5 5. Ng3 Bg6 6. h4 h6 7. Nf3 Nd7 8. h5 Bh7 9. Bd3 Bxd3 10. Qxd3 Ngf6 11. Bd2 e6 12. 0-0-0 Be7 13. Ne4 Nxe4 14. Qxe4 Nf6 15. Qe2 0-0 16. g4 Nh7 17. Ne5 Qxd4 18. Bxh6 Qa4 19. Ng6 Rfe8 20. Bxg7 Bg5+ 21. Kb1 Kxg7 22. Rd7 Rad8 23. Qe5+ Kg8 24. h6 Bf6 25. Ne7+ Kf8 26. Ng6+ fxg6 27. Qc7 Rxd7 28. Qxd7 Qd4 29. Qxd4 Bxd4 30. Rd1 Rd8 31. c3 Bb6 32. Re1 Ke7 33. f4 Rf8 34. f5 gxf5 35. gxf5 Rxf5 36. Re4 Rh5 37. Rg4 Rg5 38. Rf4 Be3 39. Rf3 Rg1+ 40. Kc2 Bxh6 41. Rh3 Rg6 42. Kb3 Nf6 43. Rh1 Kd6 44. Rd1+ Kc7 45. Re1 Nd5 46. Rf1 b5 47. Rf7+ Kb6 48. a4 bxa4+ 49. Kxa4 Rg2 50. c4 Nc7 51. b4 Rg3 52. Rh7 Bc1 53. b5 Ra3+ 0-1